000 00783nam a2200253 a 4500
001 000020869
005 20200930011159.0
008 100818s1977 mx 000 p spa d
040 _aDO-SdBNP
_bspa
_cBNPHU
082 _a883.01
_bH766iL, 1977
100 1 _aHomero
_938113
245 1 3 _aLa ilíada /
_cHomero ; estudio preliminar de David García Bacca ; traducción de Luis Segalá y Estalella.
250 _a10a ed.
260 _aMéxico :
_bCumbre,
_c1977.
300 _axxxi, 404 p. ;
_c21 cm.
490 1 _aLos clásicos
650 4 _aPoesía épica griega
_927065
650 4 _aLiteratura griega
_92386
700 1 _aSegalá y Estalella, Luis,
_etr.
_941568
700 1 _aGarcía Bacca, David
_943744
830 0 _aLos clásicos
_943697
910 _aWM
049 _aBNGR
999 _c20372
_d20372